Catálogo

El enigma de Fermat / (Registro nro. 61783)

Detalles MARC
000 -LEADER
fixed length control field 00804nam a2200265 u 4500
001 - CONTROL NUMBER
control field 61783
005 - DATE AND TIME OF LATEST TRANSACTION
control field 20180714063542.0
008 - FIXED-LENGTH DATA ELEMENTS--GENERAL INFORMATION
fixed length control field 141118s2009 sp a r 000 0 spa d
020 ## - INTERNATIONAL STANDARD BOOK NUMBER
International Standard Book Number 84-08-04679-9
082 0# - DEWEY DECIMAL CLASSIFICATION NUMBER
Classification number 512.7
Item number SIN
100 1# - MAIN ENTRY--PERSONAL NAME
Personal name Singh, Simon,
Relator term autor
245 13 - TITLE STATEMENT
Title El enigma de Fermat /
Statement of responsibility, etc. Simon Singh.
264 #1 - PRODUCTION, PUBLICATION, DISTRIBUTION, MANUFACTURE, AND COPYRIGHT NOTICE
Place of production, publication, distribution, manufacture España :
Name of producer, publisher, distributor, manufacturer Planeta,
Date of production, publication, distribution, manufacture, or copyright notice 2004
300 ## - PHYSICAL DESCRIPTION
Extent 317 páginas :
Other physical details ilustraciones ;
Dimensions 18 cm.
336 ## - CONTENT TYPE
Content type term texto
Source rdacontent
337 ## - MEDIA TYPE
Media type term sin mediación
Source rdamedia
338 ## - CARRIER TYPE
Carrier type term volumen
Source rdacarrier
490 0# - SERIES STATEMENT
Series statement Divulgación ;
Volume/sequential designation n. 3051
650 #0 - SUBJECT ADDED ENTRY--TOPICAL TERM
Topical term or geographic name entry element Teorema de Fermat
650 #0 - SUBJECT ADDED ENTRY--TOPICAL TERM
Topical term or geographic name entry element Teoría de números
650 #0 - SUBJECT ADDED ENTRY--TOPICAL TERM
Topical term or geographic name entry element Matemáticas
General subdivision Teoría
650 #0 - SUBJECT ADDED ENTRY--TOPICAL TERM
Topical term or geographic name entry element Matemáticas
General subdivision Historía
700 1# - ADDED ENTRY--PERSONAL NAME
Personal name Lynch, John,
Relator term prologuista
700 1# - ADDED ENTRY--PERSONAL NAME
Personal name Galadí, David,
Relator term traductor
Existencias
Withdrawn status Lost status Source of classification or shelving scheme Damaged status Not for loan Collection code Home library Current library Shelving location Date acquired Source of acquisition Inventory number Total Checkouts Full call number Barcode Date last seen Price effective from Koha item type
    Dewey Decimal Classification     General Centro de Estudios en Ciencia y Religión Centro de Estudios en Ciencia y Religión Sala general 18/11/2014 Compra 151000000000000000078164   512.7 SIN 2004 93160 05/01/2026 20/11/2015 Libro